[Event "FRA-chT Top 16 Basse"]
[Site "Chartres"]
[Date "2024.06.06"]
[Round "1.4"]
[White "Marcelin, Cyril"]
[Black "Sonis, Francesco"]
[Result "1/2-1/2"]
[WhiteElo "2452"]
[BlackElo "2579"]
[PlyCount "63"]
[EventDate "2024.06.06"]
[EventType "team-tourn"]
[EventRounds "4"]
[EventCountry "FRA"]
[SourceTitle "CBM 220 Extra"]
[Source "ChessBase"]
[SourceDate "2024.07.31"]
[SourceVersion "1"]
[SourceVersionDate "2024.07.31"]
[SourceQuality "1"]
[WhiteTeam "St Quentin"]
[BlackTeam "Marseille"]
[WhiteTeamCountry "FRA"]
[BlackTeamCountry "FRA"]

1. d4 Nf6 2. Nf3 b6 3. c4 Bb7 4. Nc3 e6 5. e3 Bb4 6. Bd3 0-0 7. 0-0 d5 8. cxd5 exd5 9. a3 Bd6 10. b4 Nbd7 11. Qb3 c6 12. e4 dxe4 13. Nxe4 Be7 14. Re1 Nxe4 15. Bxe4 Nf6 16. Bc2 a5 17. Rb1 axb4 18. axb4 Nd5 19. Bd2 Bf6 20. Ne5 Ne7 21. Qh3 Ng6 22. Nd7 Bc8 23. Nxf6+ Qxf6 24. Qc3 Ne7 25. b5 cxb5 26. Rxb5 Bf5 27. Bxf5 Nxf5 28. Qf3 Nxd4 29. Qxf6 gxf6 30. Rxb6 Rfe8 31. Rxe8+ Rxe8 32. Be3 1/2-1/2

[Event "FRA-chT Top 16 GpB"]
[Site "Chartres"]
[Date "2024.06.01"]
[Round "3.12"]
[White "Salgado Lopez, Ivan"]
[Black "Marcelin, Cyril"]
[Result "1-0"]
[WhiteElo "2608"]
[BlackElo "2452"]
[PlyCount "219"]
[EventDate "2024.05.30"]
[EventType "team-tourn"]
[EventRounds "7"]
[EventCountry "FRA"]
[SourceTitle "CBM 220 Extra"]
[Source "ChessBase"]
[SourceDate "2024.07.31"]
[SourceVersion "1"]
[SourceVersionDate "2024.07.31"]
[SourceQuality "1"]
[WhiteTeam "Chalon"]
[BlackTeam "St Quentin"]
[WhiteTeamCountry "FRA"]
[BlackTeamCountry "FRA"]

1. c4 e5 2. g3 d5 3. cxd5 Qxd5 4. Nf3 Nc6 5. Nc3 Qd8 6. Bg2 Nf6 7. 0-0 h6 8. d3 Bd6 9. a3 a5 10. b3 0-0 11. Bb2 Re8 12. Rc1 Bf5 13. Nd2 Qd7 14. Re1 Bh3 15. Bh1 h5 16. Nf3 Bg4 17. Nb5 Ra6 18. Nxd6 cxd6 19. h4 Rb6 20. Nd2 d5 21. Qc2 Nd4 22. Bxd4 exd4 23. Nf3 Bxf3 24. Bxf3 Qb5 25. Qb2 Qxb3 26. Qxd4 Rc6 27. a4 Qb4 28. Qa1 Rxc1 29. Rxc1 b5 30. axb5 Qxb5 31. Rb1 Qa6 32. Qa4 Ra8 33. Rb5 Qe6 34. Rxa5 Rxa5 35. Qxa5 g6 36. Qc5 Kg7 37. Qd4 Kg8 38. Kf1 Kg7 39. Ke1 Kg8 40. Kd2 Kg7 41. Kc3 Qc6+ 42. Kb4 Qb7+ 43. Ka5 Qa8+ 44. Kb5 Qe8+ 45. Kb4 Qb8+ 46. Ka3 Qb5 47. Ka2 Qa6+ 48. Kb2 Qb5+ 49. Kc2 Qc6+ 50. Kd2 Kg8 51. Qe5 Kg7 52. e3 Kg8 53. Bd1 Kg7 54. Bb3 Qb6 55. Bd1 Qc6 56. f3 Kf8 57. Bb3 Qb6 58. Kc2 Qc6+ 59. Kb2 Qb6 60. Kc2 Qc6+ 61. Kd1 Qb6 62. Bc2 Qc6 63. Qd4 Qe6 64. Bb3 Qc6 65. Kd2 Kg8 66. e4 dxe4 67. fxe4 Ng4 68. Qd8+ Kg7 69. Qe7 Qf6 70. Qxf6+ Kxf6 71. d4 Ke7 72. Bd1 Nh6 73. Ke3 f6 74. Kf4 Nf7 75. Bc2 Nd8 76. Bb3 Nc6 77. Ke3 Na7 78. Ba4 Nc8 79. Bc2 Kf7 80. Bb3+ Ke7 81. e5 fxe5 82. dxe5 Nb6 83. Kf4 Nd7 84. Bc2 Kf7 85. Bb3+ Ke7 86. Ba2 Nc5 87. Bc4 Nd7 88. Bd5 Kf8 89. e6 Nf6 90. Be4 Ke7 91. Bxg6 Kxe6 92. Bf5+ Kf7 93. Kg5 Kg7 94. Bg6 Nd5 95. Bxh5 Ne3 96. Be2 Kh7 97. Kf4 Ng2+ 98. Kg4 Kh6 99. Bd3 Kg7 100. Be4 Ne3+ 101. Kf4 Nc4 102. g4 Kh6 103. g5+ Kh5 104. Bf3+ Kg6 105. h5+ Kh7 106. Be4+ Kh8 107. h6 Nd6 108. g6 Nf7 109. g7+ Kg8 110. Bd5 1-0

[Event "FRA-chT Top 16 GpB"]
[Site "Chartres"]
[Date "2024.05.31"]
[Round "2.6"]
[White "Marcelin, Cyril"]
[Black "Ronce, Nathan"]
[Result "1-0"]
[WhiteElo "2452"]
[BlackElo "2189"]
[PlyCount "134"]
[EventDate "2024.05.30"]
[EventType "team-tourn"]
[EventRounds "7"]
[EventCountry "FRA"]
[SourceTitle "CBM 220 Extra"]
[Source "ChessBase"]
[SourceDate "2024.07.31"]
[SourceVersion "1"]
[SourceVersionDate "2024.07.31"]
[SourceQuality "1"]
[WhiteTeam "St Quentin"]
[BlackTeam "Medoc Lesparre"]
[WhiteTeamCountry "FRA"]
[BlackTeamCountry "FRA"]

1. Nf3 d5 2. e3 Nf6 3. c4 e6 4. Nc3 c5 5. cxd5 exd5 6. d4 Nc6 7. Bb5 cxd4 8. exd4 Be7 9. Ne5 Bd7 10. 0-0 0-0 11. Bg5 Rc8 12. Re1 a6 13. Ba4 b5 14. Bb3 Be6 15. Nxc6 Rxc6 16. Qf3 Rd6 17. h3 Qb6 18. Bf4 Rd7 19. Be5 Qb7 20. Ne2 Ne4 21. Nf4 Ng5 22. Qd3 g6 23. Rac1 Bf5 24. Qc3 f6 25. Nxd5 Rxd5 26. Qc7 Bc8 27. Qxb7 Bxb7 28. Rc7 Bb4 29. Rxb7 Bxe1 30. Bxd5+ Kh8 31. Bf4 Rd8 32. Rb8 Rxb8 33. Bxb8 Kg7 34. Kf1 Bb4 35. h4 Nf7 36. Bb7 a5 37. Bc6 Bd6 38. Ba7 Bc7 39. Bxb5 Nd6 40. Bd3 Kf7 41. b3 Ke6 42. Bc4+ Kf5 43. Ke2 Kg4 44. g3 f5 45. Bc5 f4 46. Be6+ Nf5 47. f3+ Kh3 48. Bxf5+ gxf5 49. gxf4 Bd8 50. h5 Kh4 51. h6 Kh5 52. Bf8 Kg6 53. Bg7 Bc7 54. Ke3 Bb6 55. Kd3 Bc7 56. Ke3 Bb6 57. a3 Kf7 58. Kd3 Ke6 59. Kc4 Bd8 60. b4 axb4 61. axb4 Kd6 62. Bf8+ Kc6 63. b5+ Kd7 64. Bg7 Bb6 65. Kd5 Bc7 66. Be5 Bb6 67. Bb8 Kc8 1-0

[Event "BL2-Ost 2324"]
[Site "Germany"]
[Date "2024.03.17"]
[Round "10.1"]
[White "Mons, Leon"]
[Black "Marcelin, Cyril"]
[Result "1/2-1/2"]
[WhiteElo "2507"]
[BlackElo "2456"]
[PlyCount "70"]
[EventDate "2023.10.21"]
[EventType "team-tourn"]
[EventRounds "10"]
[EventCountry "GER"]
[SourceTitle "EXT 2025"]
[Source "ChessBase"]
[SourceDate "2024.10.14"]
[SourceVersion "1"]
[SourceVersionDate "2024.10.14"]
[SourceQuality "1"]
[WhiteTeam "Erlangen"]
[BlackTeam "Muenchen Suedost"]
[WhiteTeamCountry "GER"]
[BlackTeamCountry "GER"]

1. d4 d5 2. c4 c6 3. Nf3 Nf6 4. Qc2 g6 5. Bf4 Bf5 6. Qb3 Qb6 7. e3 Na6 8. cxd5 Nxd5 9. Bxa6 Qxa6 10. Be5 f6 11. Bg3 e5 12. Nc3 Nb4 13. 0-0-0 Nd3+ 14. Rxd3 Bxd3 15. Nxe5 Be7 16. Nxd3 Qxd3 17. Qxb7 Kf7 18. Bd6 Rae8 19. Bxe7 Rxe7 20. Qxc6 Rd8 21. Nd5 Red7 22. Qxf6+ Kg8 23. Qe6+ Kg7 24. Qe5+ Kh6 25. Qf4+ Kg7 26. Qf6+ Kh6 27. Nc3 Rc8 28. Qf4+ Kg7 29. Qe5+ Kh6 30. Qf4+ Kg7 31. Qe5+ Kf7 32. Qa5 Rdc7 33. Qd5+ Kf8 34. Qd6+ Kg7 35. Qe5+ Kh6 1/2-1/2

[Event "BL2-Ost 2324"]
[Site "Germany"]
[Date "2023.10.22"]
[Round "2.1"]
[White "Domalchuk Jonasson, Aleksandr"]
[Black "Marcelin, Cyril"]
[Result "1-0"]
[WhiteElo "2392"]
[BlackElo "2456"]
[PlyCount "49"]
[EventDate "2023.10.21"]
[EventType "team-tourn"]
[EventRounds "10"]
[EventCountry "GER"]
[SourceTitle "EXT 2025"]
[Source "ChessBase"]
[SourceDate "2024.10.14"]
[SourceVersion "1"]
[SourceVersionDate "2024.10.14"]
[SourceQuality "1"]
[WhiteTeam "Bayern Muenchen II"]
[BlackTeam "Muenchen Suedost"]
[WhiteTeamCountry "GER"]
[BlackTeamCountry "GER"]

1. d4 d5 2. c4 e6 3. Nc3 Nf6 4. cxd5 exd5 5. Bf4 Bd6 6. Bxd6 Qxd6 7. e3 0-0 8. Bd3 b6 9. Nge2 c5 10. dxc5 bxc5 11. h3 Rd8 12. 0-0 Nc6 13. Rc1 Ne5 14. Bb1 Ba6 15. Re1 Nc4 16. b3 Na3 17. Bd3 Rac8 18. Qd2 Rc7 19. Red1 g6 20. Bxa6 Qxa6 21. Qb2 c4 22. e4 Rcd7 23. Na4 cxb3 24. Nc5 Nc4 25. Qxb3 1-0

[Event "FRA-chT Top 16 Gp Basse"]
[Site "Chartres"]
[Date "2023.06.10"]
[Round "3.2"]
[White "Solodovnichenko, Yuri"]
[Black "Marcelin, Cyril"]
[Result "1-0"]
[WhiteElo "2503"]
[BlackElo "2443"]
[PlyCount "95"]
[EventDate "2023.06.08"]
[EventType "team-tourn"]
[EventRounds "4"]
[EventCountry "FRA"]
[SourceTitle "CBM 214 Extra"]
[Source "ChessBase"]
[SourceDate "2023.07.31"]
[SourceVersion "1"]
[SourceVersionDate "2023.07.31"]
[SourceQuality "1"]
[WhiteTeam "Vandoeuvre"]
[BlackTeam "St Quentin"]
[WhiteTeamCountry "FRA"]
[BlackTeamCountry "FRA"]

1. e4 c5 2. Nf3 Nc6 3. Bb5 e6 4. 0-0 Nge7 5. d4 cxd4 6. Nxd4 Ng6 7. Be3 Be7 8. c3 0-0 9. Nd2 Nxd4 10. cxd4 d5 11. e5 Bd7 12. Bd3 Qb6 13. Qb3 Qxb3 14. Nxb3 Ba4 15. f4 Bxb3 16. axb3 Bd8 17. f5 exf5 18. Bxf5 Bb6 19. Rae1 Ne7 20. Bd7 Nc6 21. e6 fxe6 22. Bxe6+ Kh8 23. Bxd5 Nxd4 24. Bxb7 Rxf1+ 25. Rxf1 Re8 26. Kh1 Nxb3 27. Bc6 Rc8 28. Bd7 Rb8 29. Bf4 Rf8 30. Re1 Ba5 31. Re8 Rxe8 32. Bxe8 Bb6 33. Bf7 Nc5 34. Bc4 Ne4 35. g3 Nf2+ 36. Kg2 Nd1 37. b3 Ne3+ 38. Kf3 Nxc4 39. bxc4 Kg8 40. Ke4 Kf7 41. Kd5 Bg1 42. h3 a5 43. Kc6 a4 44. Bc1 h5 45. Kb5 Bf2 46. g4 hxg4 47. hxg4 Ke6 48. Kxa4 1-0

[Event "Oberliga Bayern 2223"]
[Site "Germany"]
[Date "2023.03.19"]
[Round "8.1"]
[White "Ciolek, Andreas"]
[Black "Marcelin, Cyril"]
[Result "1/2-1/2"]
[WhiteElo "2301"]
[BlackElo "2449"]
[PlyCount "72"]
[EventDate "2022.10.09"]
[EventType "team-tourn"]
[EventRounds "9"]
[EventCountry "GER"]
[SourceTitle "EXT 2025"]
[Source "ChessBase"]
[SourceDate "2024.10.14"]
[SourceVersion "1"]
[SourceVersionDate "2024.10.14"]
[SourceQuality "1"]
[WhiteTeam "Muenchen SC"]
[BlackTeam "Muenchen Suedost"]
[WhiteTeamCountry "GER"]
[BlackTeamCountry "GER"]

1. d4 d5 2. Nf3 e6 3. g3 b5 4. Bg2 Nf6 5. 0-0 Be7 6. a4 b4 7. c4 bxc3 8. Nxc3 a5 9. Bf4 c6 10. Rc1 0-0 11. Re1 Na6 12. Ne5 Nb4 13. e4 Ba6 14. exd5 cxd5 15. Nb5 Qb6 16. Bg5 Bxb5 17. axb5 Qxb5 18. Rc7 Bd8 19. Bxf6 Bxf6 20. Nd7 Qd3 21. Nxf8 Rxf8 22. Qxd3 Nxd3 23. Re2 Bxd4 24. Rd2 Be5 25. Rb7 Nc5 26. Rb5 Na4 27. b3 Nc3 28. Rxa5 Rb8 29. Rb2 g6 30. b4 Ne4 31. Re2 Bc7 32. Bxe4 Bxa5 33. bxa5 dxe4 34. Rxe4 Rb1+ 35. Kg2 Ra1 36. Re5 Ra3 1/2-1/2

[Event "Oberliga Bayern 2223"]
[Site "Germany"]
[Date "2023.03.05"]
[Round "7.1"]
[White "Schuster, Karsten"]
[Black "Marcelin, Cyril"]
[Result "1/2-1/2"]
[WhiteElo "2313"]
[BlackElo "2449"]
[PlyCount "128"]
[EventDate "2022.10.09"]
[EventType "team-tourn"]
[EventRounds "9"]
[EventCountry "GER"]
[SourceTitle "EXT 2025"]
[Source "ChessBase"]
[SourceDate "2024.10.14"]
[SourceVersion "1"]
[SourceVersionDate "2024.10.14"]
[SourceQuality "1"]
[WhiteTeam "Groebenzell"]
[BlackTeam "Muenchen Suedost"]
[WhiteTeamCountry "GER"]
[BlackTeamCountry "GER"]

1. d4 d5 2. c4 e6 3. Nc3 c5 4. cxd5 cxd4 5. Qxd4 Nc6 6. Qd1 exd5 7. e3 Nf6 8. Nf3 Bc5 9. Be2 0-0 10. 0-0 a6 11. b3 d4 12. Na4 Ba7 13. Nxd4 Nxd4 14. exd4 Bxd4 15. Bb2 Bxb2 16. Nxb2 Bf5 17. Bf3 Be4 18. Bxe4 Nxe4 19. Re1 f5 20. Nc4 b5 21. Ne3 g6 22. Rc1 Qxd1 23. Rexd1 Rac8 24. Rxc8 Rxc8 25. f3 Nc3 26. Rd2 Kf7 27. g3 Ke6 28. Kf1 a5 29. Ke1 Nb1 30. Rd1 Nc3 31. Rc1 b4 32. Rc2 Rc5 33. f4 Kd6 34. Nc4+ Kc6 35. Rd2 a4 36. Ne5+ Kb5 37. bxa4+ Kxa4 38. Nd3 Rd5 39. Kf2 Ka3 40. Ke3 Rd8 41. Rc2 Nd1+ 42. Ke2 Nc3+ 43. Ke3 Re8+ 44. Kf3 Ra8 45. h3 Rd8 46. Ke3 Nd1+ 47. Ke2 Nc3+ 48. Ke3 Re8+ 49. Kf3 Re7 50. g4 Rd7 51. Ke3 Nd1+ 52. Ke2 Nc3+ 53. Ke3 Nd5+ 54. Kf3 Rc7 55. Rxc7 Nxc7 56. gxf5 gxf5 57. Kg3 Nd5 58. Kh4 Kxa2 59. Nxb4+ Nxb4 60. Kg5 Kb3 61. Kxf5 Nd5 62. Kg5 Kc4 63. Kh6 Nxf4 64. Kxh7 Nxh3 1/2-1/2

[Event "Oberliga Bayern 2223"]
[Site "Germany"]
[Date "2022.10.23"]
[Round "2.1"]
[White "Marcelin, Cyril"]
[Black "Bauer, Sebastian"]
[Result "1-0"]
[WhiteElo "2449"]
[BlackElo "2303"]
[PlyCount "63"]
[EventDate "2022.10.09"]
[EventType "team-tourn"]
[EventRounds "9"]
[EventCountry "GER"]
[SourceTitle "EXT 2025"]
[Source "ChessBase"]
[SourceDate "2024.10.14"]
[SourceVersion "1"]
[SourceVersionDate "2024.10.14"]
[SourceQuality "1"]
[WhiteTeam "Muenchen Suedost"]
[BlackTeam "Trostberg"]
[WhiteTeamCountry "GER"]
[BlackTeamCountry "GER"]

1. d4 Nf6 2. c3 g6 3. Bg5 Bg7 4. Nd2 d5 5. e3 0-0 6. Ngf3 c5 7. Be2 cxd4 8. exd4 Nc6 9. 0-0 Ne4 10. Bf4 Bf5 11. Re1 Rc8 12. Bf1 h6 13. Nxe4 Bxe4 14. Nd2 Bf5 15. Nb3 Re8 16. a4 g5 17. Bg3 e6 18. Nc5 Qe7 19. a5 a6 20. b4 Na7 21. Bd3 Bxd3 22. Qxd3 Nb5 23. Re3 Rc6 24. Rae1 Na3 25. f4 Nc4 26. R3e2 gxf4 27. Bxf4 b6 28. axb6 Rxb6 29. Qh3 Kh7 30. Qh5 Qa7 31. Rf1 Re7 32. Bxh6 1-0

[Event "FRA-chT Top 16 GpB"]
[Site "Chartres"]
[Date "2022.06.14"]
[Round "6.6"]
[White "Riff, Jean Noel"]
[Black "Marcelin, Cyril"]
[Result "1/2-1/2"]
[WhiteElo "2451"]
[BlackElo "2440"]
[PlyCount "27"]
[EventDate "2022.06.09"]
[EventType "team-tourn"]
[EventRounds "7"]
[EventCountry "FRA"]
[SourceTitle "CBM 208 Extra"]
[Source "ChessBase"]
[SourceDate "2022.07.31"]
[SourceVersion "1"]
[SourceVersionDate "2022.07.31"]
[SourceQuality "1"]
[WhiteTeam "Mulhouse Philidor"]
[BlackTeam "St Quentin"]
[WhiteTeamCountry "FRA"]
[BlackTeamCountry "FRA"]

1. e4 c6 2. d4 d5 3. Nc3 dxe4 4. Nxe4 Nf6 5. Nxf6+ exf6 6. c3 Bd6 7. Bd3 0-0 8. Qc2 Re8+ 9. Ne2 h5 10. 0-0 h4 11. h3 Nd7 12. c4 Nf8 13. Bd2 f5 14. Rfe1 1/2-1/2

[Event "FRA-chT Top 16 GpB"]
[Site "Chartres"]
[Date "2022.06.11"]
[Round "3.2"]
[White "Solodovnichenko, Yuri"]
[Black "Marcelin, Cyril"]
[Result "1/2-1/2"]
[WhiteElo "2492"]
[BlackElo "2440"]
[PlyCount "106"]
[EventDate "2022.06.09"]
[EventType "team-tourn"]
[EventRounds "7"]
[EventCountry "FRA"]
[SourceTitle "CBM 208 Extra"]
[Source "ChessBase"]
[SourceDate "2022.07.31"]
[SourceVersion "1"]
[SourceVersionDate "2022.07.31"]
[SourceQuality "1"]
[WhiteTeam "Vandoeuvre"]
[BlackTeam "St Quentin"]
[WhiteTeamCountry "FRA"]
[BlackTeamCountry "FRA"]

1. e4 c5 2. Nf3 g6 3. d4 cxd4 4. Nxd4 Bg7 5. Nc3 Nc6 6. Be3 Nf6 7. Bc4 0-0 8. Bb3 Re8 9. 0-0 d6 10. h3 Na5 11. Nf3 Nxb3 12. axb3 a6 13. Qd3 Bd7 14. Bd4 Bc6 15. Qe3 Qc8 16. e5 Nd5 17. Nxd5 Bxd5 18. exd6 exd6 19. Qc3 Qxc3 20. bxc3 Bxf3 21. gxf3 Rac8 22. Bxg7 Kxg7 23. c4 d5 24. Ra4 dxc4 25. bxc4 Re2 26. Rb1 Rc7 27. c3 Rc2 28. Ra3 Rxc4 29. Rxb7 R4xc3 30. Rxc3 Rxc3 31. Kg2 Rc6 32. Kg3 Kf6 33. Ra7 h5 34. f4 Rc3+ 35. f3 Ra3 36. Rc7 Re3 37. Rc5 Ra3 38. h4 Ra1 39. Rc6+ Kg7 40. Rc5 a5 41. f5 a4 42. fxg6 a3 43. Kf4 a2 44. Rc2 fxg6 45. Rd2 Kf7 46. Rg2 Ke7 47. Kg5 Kf7 48. Kh6 Rh1 49. Rxa2 Rxh4 50. Kg5 Rh3 51. Ra7+ Ke6 52. Ra6+ Kf7 53. Ra7+ Ke6 1/2-1/2

[Event "Oberliga Bayern 2122"]
[Site "Bayern"]
[Date "2021.11.14"]
[Round "2.1"]
[White "Heika, Martin"]
[Black "Marcelin, Cyril"]
[Result "1/2-1/2"]
[WhiteElo "2239"]
[BlackElo "2398"]
[PlyCount "49"]
[EventDate "2021.10.24"]
[EventType "team-tourn"]
[EventRounds "9"]
[EventCountry "GER"]
[SourceTitle "EXT 2023"]
[Source "ChessBase"]
[SourceDate "2022.10.05"]
[SourceVersion "1"]
[SourceVersionDate "2022.10.05"]
[SourceQuality "1"]
[WhiteTeam "Kareth Lappersdorf"]
[BlackTeam "Pang/Rosenheim"]
[WhiteTeamCountry "GER"]
[BlackTeamCountry "GER"]

1. e4 Nf6 2. e5 Nd5 3. d4 d6 4. c4 Nb6 5. exd6 cxd6 6. Nc3 g6 7. Be3 Bg7 8. Rc1 0-0 9. Be2 d5 10. b3 e5 11. dxe5 dxc4 12. Qxd8 Rxd8 13. Nb5 cxb3 14. axb3 Nc6 15. Nxa7 Nd5 16. Nxc6 bxc6 17. Bg5 Re8 18. Nf3 Bxe5 19. 0-0 Bf4 20. Bxf4 Nxf4 21. Bc4 Be6 22. Nd4 Bxc4 23. Rxc4 Ne2+ 24. Nxe2 Rxe2 25. Rxc6 1/2-1/2

[Event "FRA-ch Blitz Online Qual"]
[Site "Europe Echecs INT"]
[Date "2020.05.16"]
[Round "5"]
[White "Gatineau, Yovann"]
[Black "Marcelin, Cyril"]
[Result "0-1"]
[WhiteElo "2423"]
[BlackElo "2444"]
[PlyCount "106"]
[EventDate "2020.05.16"]
[EventType "swiss (blitz)"]
[EventRounds "15"]
[EventCountry "FRA"]
[SourceTitle "CBM 196 Extra"]
[Source "ChessBase"]
[SourceDate "2020.07.31"]
[SourceVersion "1"]
[SourceVersionDate "2020.07.31"]
[SourceQuality "1"]

1. d4 g6 2. Nc3 Bg7 3. e4 c6 4. h3 d5 5. Nf3 dxe4 6. Nxe4 Nf6 7. Nxf6+ exf6 8. Bd3 0-0 9. 0-0 Na6 10. c3 Nc7 11. a4 a5 12. Qb3 Be6 13. Bc4 Qd7 14. Bxe6 Nxe6 15. Be3 f5 16. Rad1 f4 17. Bc1 h6 18. Rfe1 Rad8 19. Ne5 Qc7 20. Nxg6 fxg6 21. Qxe6+ Kh7 22. Qe7 Rd7 23. Qc5 f3 24. g3 Rd5 25. Qe7 Qc8 26. Qe6 Qd8 27. Re4 c5 28. Bf4 cxd4 29. cxd4 Rxd4 30. Rdxd4 Bxd4 31. Qe7+ Qxe7 32. Rxe7+ Kg8 33. Rd7 Bxb2 34. Rxb7 Bg7 35. Be3 Rc8 36. Ra7 h5 37. Rxa5 Rc4 38. Ra6 Kf7 39. Ra7+ Kg8 40. a5 Ra4 41. Kh2 h4 42. a6 Be5 43. Re7 hxg3+ 44. fxg3 Ra2+ 45. Kg1 Bxg3 46. Re8+ Kf7 47. Rc8 Rxa6 48. Rc1 Ra2 49. Bd4 Rg2+ 50. Kf1 Rh2 51. Bg1 Rxh3 52. Rc3 Be5 53. Kf2 Bxc3 0-1

[Event "FRA-ch Blitz Online Qual"]
[Site "Europe Echecs INT"]
[Date "2020.05.16"]
[Round "4"]
[White "Marcelin, Cyril"]
[Black "Lucas, Arthur"]
[Result "1-0"]
[WhiteElo "2444"]
[BlackElo "2283"]
[PlyCount "61"]
[EventDate "2020.05.16"]
[EventType "swiss (blitz)"]
[EventRounds "15"]
[EventCountry "FRA"]
[SourceTitle "CBM 196 Extra"]
[Source "ChessBase"]
[SourceDate "2020.07.31"]
[SourceVersion "1"]
[SourceVersionDate "2020.07.31"]
[SourceQuality "1"]

1. d4 g6 2. Nf3 Bg7 3. e4 d6 4. Nbd2 a6 5. Bd3 b6 6. 0-0 Bb7 7. Re1 Nd7 8. c3 e6 9. Nf1 Ne7 10. h4 h6 11. a4 c5 12. Ne3 Qc7 13. Qe2 0-0 14. Ng4 h5 15. Ngh2 e5 16. dxe5 Nxe5 17. Nxe5 dxe5 18. Bc4 Kh7 19. Nf3 f6 20. Nd2 Qd7 21. Nf1 a5 22. Rd1 Qc7 23. f3 Rad8 24. Be3 Rxd1 25. Rxd1 Rd8 26. Bf2 Bh6 27. Ne3 Rxd1+ 28. Qxd1 Bc6 29. Nd5 Qd6 30. b3 Kg7 31. Qd3 1-0

[Event "FRA-ch Blitz Online Qual"]
[Site "Europe Echecs INT"]
[Date "2020.05.16"]
[Round "8"]
[White "Marcelin, Cyril"]
[Black "Tokhirjonova, Gulruhbegim"]
[Result "1-0"]
[WhiteElo "2444"]
[BlackElo "2378"]
[PlyCount "59"]
[EventDate "2020.05.16"]
[EventType "swiss (blitz)"]
[EventRounds "15"]
[EventCountry "FRA"]
[SourceTitle "CBM 196 Extra"]
[Source "ChessBase"]
[SourceDate "2020.07.31"]
[SourceVersion "1"]
[SourceVersionDate "2020.07.31"]
[SourceQuality "1"]

1. d4 Nf6 2. Nf3 d5 3. Bf4 e6 4. e3 Bd6 5. Nbd2 0-0 6. Bd3 b6 7. Qe2 c5 8. c3 a5 9. Ne5 Qc7 10. 0-0 Ba6 11. Bxa6 Nxa6 12. a4 Nb8 13. Nd3 Nbd7 14. Bxd6 Qxd6 15. f4 Rfe8 16. Ne5 Rac8 17. Rf3 Ne4 18. Nxe4 dxe4 19. Rh3 Nxe5 20. fxe5 Qd7 21. Qh5 h6 22. Rf1 cxd4 23. exd4 Re7 24. Rg3 Kh8 25. Rf6 Kh7 26. Rxh6+ gxh6 27. Rh3 Kg8 28. Qxh6 f5 29. Qh8+ Kf7 30. Qf6+ 1-0

[Event "Innsbruck op 3rd"]
[Site "Innsbruck"]
[Date "2019.09.01"]
[Round "9"]
[White "Marcelin, Cyril"]
[Black "Kilgus, Georg"]
[Result "1-0"]
[WhiteElo "2439"]
[BlackElo "2435"]
[PlyCount "58"]
[EventDate "2019.08.25"]
[EventType "swiss"]
[EventRounds "9"]
[EventCountry "AUT"]
[SourceTitle "EXT 2020"]
[Source "ChessBase"]
[SourceDate "2019.10.17"]
[SourceVersion "1"]
[SourceVersionDate "2019.10.17"]
[SourceQuality "1"]

1. d4 Nf6 2. Nf3 d5 3. e3 c5 4. Nbd2 cxd4 5. exd4 Nc6 6. c3 Bf5 7. Be2 h6 8. 0-0 e6 9. Re1 Bd6 10. Nf1 0-0 11. Ng3 Bh7 12. Bd3 Bxd3 13. Qxd3 Qc7 14. Qe2 Rab8 15. Ne5 b5 16. a3 a5 17. Qf3 Kh7 18. Bf4 Ng8 19. Nh5 Nxe5 20. dxe5 Be7 21. Qg3 g6 22. Nf6+ Kg7 23. Qh3 h5 24. Nxh5+ gxh5 25. Qxh5 Rfc8 26. Re3 Bc5 27. Rg3+ Kf8 28. Qh7 Ke7 29. b4 Bxf2+ 1-0

[Event "Innsbruck op 3rd"]
[Site "Innsbruck"]
[Date "2019.08.28"]
[Round "5"]
[White "Marcelin, Cyril"]
[Black "Lavrinenkov, Vadim"]
[Result "0-1"]
[WhiteElo "2439"]
[BlackElo "2304"]
[PlyCount "88"]
[EventDate "2019.08.25"]
[EventType "swiss"]
[EventRounds "9"]
[EventCountry "AUT"]
[SourceTitle "EXT 2020"]
[Source "ChessBase"]
[SourceDate "2019.10.17"]
[SourceVersion "1"]
[SourceVersionDate "2019.10.17"]
[SourceQuality "1"]

1. c4 c6 2. e4 d5 3. cxd5 cxd5 4. exd5 Nf6 5. Qa4+ Nbd7 6. Nc3 g6 7. Bc4 Bg7 8. d3 0-0 9. Nf3 a6 10. Qa3 b6 11. 0-0 Bb7 12. Re1 Re8 13. Be3 b5 14. Bb3 Nb6 15. Bxb6 Qxb6 16. Qb4 Qd8 17. Qh4 Nxd5 18. Qe4 e6 19. Nxd5 Bxd5 20. Bxd5 Qxd5 21. Qxd5 exd5 22. Rab1 Rxe1+ 23. Nxe1 Rc8 24. Kf1 Kf8 25. Ke2 Ke7 26. Kd1 Bd4 27. f3 Bg1 28. h3 Kd6 29. Rc1 Rxc1+ 30. Kxc1 Ke5 31. Kd2 Kf4 32. Ke2 Kg3 33. Kf1 Bd4 34. b3 Bc3 35. Nc2 d4 36. Kg1 h5 37. Kf1 b4 38. Kg1 a5 39. Kf1 g5 40. Kg1 f5 41. Kf1 Kh2 42. Kf2 g4 43. hxg4 hxg4 44. f4 Kh1 0-1

[Event "Innsbruck op 3rd"]
[Site "Innsbruck"]
[Date "2019.08.25"]
[Round "1"]
[White "Marcelin, Cyril"]
[Black "Wittmann, Matthias"]
[Result "1-0"]
[WhiteElo "2439"]
[BlackElo "2120"]
[PlyCount "89"]
[EventDate "2019.08.25"]
[EventType "swiss"]
[EventRounds "9"]
[EventCountry "AUT"]
[SourceTitle "EXT 2020"]
[Source "ChessBase"]
[SourceDate "2019.10.17"]
[SourceVersion "1"]
[SourceVersionDate "2019.10.17"]
[SourceQuality "1"]

1. d4 Nc6 2. Nf3 d6 3. e4 g6 4. Bb5 Bd7 5. 0-0 Bg7 6. Re1 e5 7. c3 Nge7 8. dxe5 Nxe5 9. Nxe5 dxe5 10. a4 a6 11. Bxd7+ Qxd7 12. Qb3 Qc6 13. c4 Nc8 14. Nc3 0-0 15. Nd5 Re8 16. Bg5 h6 17. Bh4 g5 18. Bg3 Nd6 19. c5 Nc8 20. Rac1 Ne7 21. Red1 a5 22. f3 Rac8 23. Be1 Qa6 24. Qb5 Nc6 25. Bf2 Re6 26. Rc3 Bf8 27. Rb3 Nd4 28. Bxd4 exd4 29. Qxb7 Qxb7 30. Rxb7 Rc6 31. Rc1 d3 32. Kf1 d2 33. Rd1 Rxc5 34. Rxd2 Rc4 35. b3 Rc1+ 36. Ke2 Kg7 37. Ne3 Kf6 38. Rd1 Rc5 39. Nc4 Ke6 40. Ra7 Rb8 41. Rd3 f5 42. Ra6+ c6 43. exf5+ Kxf5 44. Rxa5 Rxa5 45. Nxa5 1-0

[Event "FRA-chT Top 12"]
[Site "Brest"]
[Date "2019.05.28"]
[Round "11.4"]
[White "Marcelin, Cyril"]
[Black "Libiszewski, Fabien"]
[Result "1/2-1/2"]
[WhiteElo "2451"]
[BlackElo "2511"]
[PlyCount "21"]
[EventDate "2019.05.18"]
[EventType "team-tourn"]
[EventRounds "11"]
[EventCountry "FRA"]
[SourceTitle "CBM 190 Extra"]
[Source "ChessBase"]
[SourceDate "2019.07.15"]
[SourceVersion "1"]
[SourceVersionDate "2019.07.15"]
[SourceQuality "1"]
[WhiteTeam "Tours Hauts de France St Quentin"]
[BlackTeam "Clichy"]
[WhiteTeamCountry "FRA"]
[BlackTeamCountry "FRA"]

1. d4 d5 2. c4 c6 3. cxd5 cxd5 4. Nc3 Nf6 5. Nf3 Nc6 6. Bf4 e6 7. Rc1 Bd6 8. Bxd6 Qxd6 9. e3 0-0 10. Bd3 Bd7 11. 0-0 1/2-1/2